000 00255nam a2200109Ia 4500
005 20251222114355.0
008 251222s1900||||xx |||||||||||||| ||spa||
082 _aDVD0070/S68/2002
245 0 _aHistorias mínimas
264 _bGuacamole Films
942 _cDVD
999 _c1399
_d1399